000 00887aam a2200325 i 4500
001 768714001
003 CO-MdFUSB
005 20251023143218.0
007 ta
008 251023t1939 enk |||| |||| 00| 0 eng d
040 _cCO-MdFUSB
041 0 _aeng
082 0 4 _223
_a252
_bK429t
110 _aKeswick Convention
245 1 0 _aThe Keswick Convention 1939
_c/ Keswick Convention
264 0 _bPickering and Inglis,
_aLondres, Inglaterra :
_c[1939]
300 _a299 páginas
336 _atexto
_btxt
_2rdacontent
337 _2rdamedia
_asin mediación
_bn
338 _2rdacarrier
_avolumen
_bnc
563 _aRústico
650 7 _aSermones
_9283
653 _aSantificación y vida consagrada
653 _aFe práctica
653 _aEl Espíritu Santo
653 _aServicio cristiano y misiones
942 _cBK
945 _aJTF-925
999 _c36483
_d36483